Study of efficiency of lightning arresters and earthing equipment for sensors and communication equipment (Record no. 322698)
[ view plain ]
| 000 -LEADER | |
|---|---|
| fixed length control field | 00436 a2200133 4500 |
| 001 - CONTROL NUMBER | |
| control field | 87625 |
| 082 ## - DEWEY DECIMAL CLASSIFICATION NUMBER | |
| Classification number | PR 06 |
| 090 ## - LOCALLY ASSIGNED LC-TYPE CALL NUMBER (OCLC); LOCAL CALL NUMBER (RLIN) | |
| -- | 41078 |
| -- | 41078 |
| 100 ## - MAIN ENTRY--PERSONAL NAME | |
| Personal name | Fiza, Plt Off 15215 69 (B) EC |
| 245 ## - TITLE STATEMENT | |
| Title | Study of efficiency of lightning arresters and earthing equipment for sensors and communication equipment |
| 260 ## - PUBLICATION, DISTRIBUTION, ETC. | |
| Place of publication, distribution, etc. | Risalpur |
| Name of publisher, distributor, etc. | CAE PAF Academy Risalpur |
| Date of publication, distribution, etc. | 2010 |
| 300 ## - PHYSICAL DESCRIPTION | |
| Extent | xi, 112p. |
| Accompanying material | Mudassir Iqbal Wg Cdr |
| 500 ## - GENERAL NOTE | |
| General note | BE Project Reports |
| 942 ## - ADDED ENTRY ELEMENTS (KOHA) | |
| Institution code [OBSOLETE] | CAE NUST |
| Call number prefix | PR 06 |
| Withdrawn status | Lost status | Damaged status | Not for loan | Collection code | Permanent Location | Current Location | Date acquired | Total Checkouts | Full call number | Barcode | Date last seen | Price effective from | Koha item type |
|---|---|---|---|---|---|---|---|---|---|---|---|---|---|
| College of Aeronautical Engineering (CAE) | College of Aeronautical Engineering (CAE) | 04/03/2017 | PR 06 | CAEPR-06 | 04/05/2017 | 04/05/2017 | Book |
